| 000 | 00328nam a22001337a 4500 | ||
|---|---|---|---|
| 082 |
_a894.812.3 _bUNN/P |
||
| 100 | _aUNNI, R | ||
| 245 | _aPENNUM CHERUKKANUM | ||
| 246 |
_aPENNUM CHERUKKANUM _bPENNUM CHERUKKANUM |
||
| 260 |
_aKOTTAYAM, KERAL, INDIA _bD C BOOKS _c2020 |
||
| 300 | _a99 | ||
| 650 | _aMALAYALAM FICTION | ||
| 942 | _cBK | ||
| 999 |
_c8666 _d8666 |
||